1238 1929 1258 1663 1818 1491 1542 1862 1821 1804 1699 1709 1095 1909 1529 1976 1740 1569 1461 1498 1060 1102 1421 1568 1057 1529 1694 1429 1463 1071 1405 1759 1951 1143 1559 1690 1631 1222 1756 1292 1163 1570 1059 1647 1337 1514 1765 1888 1600 1126 1672 1780 1608 1354 1793 1177 1468 1814 1746 1049 1177 1825 1837 1657 1744 1596 1599 1718 1377 1570 1718 1126 1493 1714 1399 1321 1326 1518 1859 1600 1958 1018 1571 1762 1808 1118 1078 1713 1184 1811 1188 1159 1278 1679 1852 1739 1474 1365 1493 BCNSPRNW ULIB Ver.6.0+V

เปลี่ยนเป็นภาษาไทย

Change to English
 แสดงรายละเอียดบรรณานุกรม
  กลับหน้าหลัก

Brief Record : Get Marc (ISO 2709) : E-mail record : QR code < ปิดหน้าต่าง
LEADER : 00000nam 2200000uu 4500
001    13399115127
003     ULIB
008    120711s2554||||th 000 0 tha d
050  4 ^aBF412^bT111ค
245 00 ^aประเทศไทย 76 จังหวัด
651  7 ^aไทย
945    ^p0^l0^i15425
999 ^a ใช้งานได้ทุกระบบ
รายการนี้ยังไม่มีแท็ก
คุณยังไม่ได้ล็อกอิน คุณสามารถมีกิจกรรมร่วมกับเว็บไซต์ได้ แต่ต้องล็อกอินก่อน ::
  ล็อกอิน

รายการสื่อสารสนเทศ

ลำดับที่ ประเภท เลขเรียก/บาร์โค้ด สถานที่ สถานะ
- ไม่พบข้อมูล -

BibComment


ยังไม่เคยถูกคอมเมนท์

คอมเมนท์ทรัพยากรรายการนี้
  คอมเมนท์: ประเทศไทย 76 จัง..


 Copyright 2026. Bcnsprnw @Library